000 00507nam a2200205Ia 4500
008 170918s9999 xx 000 0 und d
020 _a9780590446891
050 _bC689 1994
100 _aCole, Joanna
245 _aIn the time of the dinosaurs /
245 _cJoanna Cole & Bruce Degen.
260 _aNew York :
260 _bScholastic,
260 _c1994
300 _a48 pages :
300 _bcolored illustration ;
300 _c21cm.
440 _aThe magic school bus.
500 _a410
999 _c341415
_d341415